Jakie to państwo? - rozsypanka literowa (Europa) #1 - Statystyki

Ogólne statystyki
  • Ten quiz został rozwiązany 611 razy
  • Średni wynik to 8 z 10
Statystyki odpowiedzi
Rozsypanka Państwo % Poprawnych
TAŁOW Łotwa
93%
AATYNKW Watykan
93%
DAILNFIAN Finlandia
87%
AIUMUNR Rumunia
87%
LAKIEW YTRBAAIN Wielka Brytania
85%
LBAIAAN Albania
77%
LIAADNIS Islandia
66%
GAIOREWN Norwegia
64%
MUBGRKULSE Luksemburg
58%
HCNAAAKSTZ Kazachstan
49%
Nie znaleziono quizów pasujących do podanych kryteriów
Rozkład punktacji
Procent ludzi z każdym wynikiem
Percentyl według liczby udzielonych odpowiedzi
Twoja historia wyników
Nie rozwiązałeś tego quizu